Kraje z największą ilością McDonalds. - Statystyki

Ogólne statystyki
  • Ten quiz został rozwiązany 1 302 razy
  • Średni wynik to 10 z 12
Statystyki odpowiedzi
Ilość McDonalds Państwo % Poprawnych
14,146 Stany Zjednoczone
99%
1,470 Niemcy
92%
2,391 Chiny
91%
1,419 Francja
90%
609 Rosja
90%
1,450 Kanada
89%
497 Hiszpania
87%
1,274 Wielka Brytania
84%
2,975 Japonia
82%
812 Brazylia
79%
609 Włochy
79%
920 Australia
68%
Nie znaleziono quizów pasujących do podanych kryteriów
Rozkład punktacji
Procent ludzi z każdym wynikiem
Percentyl według liczby udzielonych odpowiedzi
Twoja historia wyników
Nie rozwiązałeś tego quizu